000 00483nam a2200157Ia 4500
005 20250227034704.0
008 240331s9999 xx 000 0 und d
082 _bPAR
_a954
100 _aParanavitana, K.D
245 3 _aAn inventory of Sri Lanka maps in the general state archives in the Netherlands
260 _aColombo
_bThe Ministry of Plan Implementation
_c1984
300 _axxii, 52 p .,
650 _aSea and Land Maps - Sri Lanaka
650 _aCoastal Towns
942 _cL
999 _c3468
_d3468